Berlitz essential Spanish / (Запис № 473052)

МАРК-запис
000 -LEADER
fixed length control field 01436nam a2200337Ia 4500
001 - CONTROL NUMBER
control field berlitzessential00berl
003 - CONTROL NUMBER IDENTIFIER
control field CaSfIA
005 - DATE AND TIME OF LATEST TRANSACTION
control field 20210117192642.0
007 - PHYSICAL DESCRIPTION FIXED FIELD--GENERAL INFORMATION
fixed length control field cr||||
008 - FIXED-LENGTH DATA ELEMENTS--GENERAL INFORMATION
fixed length control field 930125s1992 nyua 000 0 eng d
010 ## - LIBRARY OF CONGRESS CONTROL NUMBER
LC control number 93000122
040 ## - CATALOGING SOURCE
Original cataloging agency VHB
Transcribing agency VHB
Modifying agency BTCTA
-- YDXCP
-- CaSfIA
020 ## - INTERNATIONAL STANDARD BOOK NUMBER
International Standard Book Number 2831517990
020 ## - INTERNATIONAL STANDARD BOOK NUMBER
International Standard Book Number 9782831517995
035 ## - SYSTEM CONTROL NUMBER
System control number (OCoLC)27313775
041 0# - LANGUAGE CODE
Language code of text/sound track or separate title engspa
050 #4 - LIBRARY OF CONGRESS CALL NUMBER
Classification number PC4112
Item number .B4 1992
082 #4 - DEWEY DECIMAL CLASSIFICATION NUMBER
Classification number 468
029 1# - (OCLC)
OCLC library identifier NLGGC
System control number 10724084X
245 00 - TITLE STATEMENT
Title Berlitz essential Spanish /
Medium [electronic resource]
Statement of responsibility, etc Berlitz.
260 ## - PUBLICATION, DISTRIBUTION, ETC. (IMPRINT)
Place of publication, distribution, etc New York :
Name of publisher, distributor, etc Berlitz,
Date of publication, distribution, etc c1992.
300 ## - PHYSICAL DESCRIPTION
Extent xii, 261 p. :
Other physical details ill. ;
Dimensions 22 cm.
506 ## - RESTRICTIONS ON ACCESS NOTE
Standardized terminology for access restriction Необхідна авторизація на https://archive.org/ (створення облікового запису безкоштовно)
506 ## - RESTRICTIONS ON ACCESS NOTE
Standardized terminology for access restriction Необхідна авторизація на https://openlibrary.org/ (створення облікового запису безкоштовно)
650 #0 - SUBJECT ADDED ENTRY--TOPICAL TERM
Topical term or geographic name as entry element Spanish language
Form subdivision Textbooks for foreign speakers
General subdivision English.
710 2# - ADDED ENTRY--CORPORATE NAME
Corporate name or jurisdiction name as entry element Berlitz.
856 41 - ELECTRONIC LOCATION AND ACCESS
Uniform Resource Identifier <a href="http://www.archive.org/details/berlitzessential00berl">http://www.archive.org/details/berlitzessential00berl</a>
Public note Free eBook from the Internet Archive
856 42 - ELECTRONIC LOCATION AND ACCESS
Uniform Resource Identifier <a href="http://www.openlibrary.org/books/OL23275151M">http://www.openlibrary.org/books/OL23275151M</a>
Public note Additional information and access via Open Library
942 ## - ADDED ENTRY ELEMENTS (KOHA)
Koha item type ЕКнига

Немає доступних примірників.